La huelga bananera 1934

שמור ב:
מידע ביבליוגרפי
מחבר ראשי: Ferreto, Arnoldo
פורמט: Texto
יצא לאור: s.l.: s.e.
תגים: הוספת תג
אין תגיות, היה/י הראשונ/ה לתייג את הרשומה!

MARC

LEADER 00000 a a2200000 04500
001 24247
003
040
090 |a 166100  
100 |a Ferreto, Arnoldo  
245 |a La huelga bananera 1934  
260 |a s.l.:   |b s.e.  
300 |a 20 p.   |b il.  
999 |c 11568  |d 11568